000 00361nam a2200157Ia 4500
005 20250425161444.0
008 250425s9999 xx 000 0 und d
041 _aeng
082 _aIBM4381
245 0 _aPHYSICAL PROPERTIES OF CHEMICAL COMPOUNDS
250 _aS.E.
260 _aS.L.
260 _aSin Pais
_bS.E.
_c1961
942 _c01
010 _a20748
999 _c209643
_d209643